000 00693nam a2200265Ia 4500
003 OSt
005 20220918173236.0
006 a|||||r|||| 00| 0
007 ta
008 220917b |||||||| |||| 00| 0 eng d
024 _a5,794
037 _cTextual
040 _aARTS
_cARTS
_beng
041 _2eng
_aeng
082 _a22:5, L2;M1
100 _aBloomberg Marty.
245 0 _aIntroduction to public services for librarytechnicians
250 _a3rd
260 _bL2;M1
_c1981
300 _a323p
_ccm.
490 _aLibrary science text series
650 _aLIBRARY SCIENCE
942 _h22:5, L2;M1
_cTEXL
_2CC
999 _c147803
_d147803